000 00291nam a22001337a 4500
008 180914b xxu||||| |||| 00| 0 eng d
020 _a9780898793079
041 _aeng
080 _a821
100 _a21
101 _aGJL
245 _aCharacters & Viewpoint
_cCard, O.S
942 _2udc
_cBK
999 _c47779
_d47779